[Event "GRE CupT 40th f/16"]
[Site "Greece"]
[Date "2022.06.19"]
[Round "1.6"]
[White "Hararis, Georgios"]
[Black "Chatzipolitis, Georgios"]
[Result "1-0"]
[WhiteElo "1987"]
[BlackElo "1769"]
[PlyCount "57"]
[EventDate "2022.06.19"]
[EventType "team-k.o."]
[EventRounds "1"]
[EventCountry "GRE"]
[SourceTitle "EXT 2024"]
[Source "ChessBase"]
[SourceDate "2023.10.10"]
[SourceVersion "1"]
[SourceVersionDate "2023.10.10"]
[SourceQuality "1"]

1. c4 Nf6 2. Nc3 e5 3. Nf3 Nc6 4. g3 d5 5. cxd5 Nxd5 6. Bg2 Nxc3 7. bxc3 Bc5 8. 0-0 0-0 9. d3 h6 10. Rb1 Re8 11. Nd2 Qe7 12. Nc4 Nd8 13. Be3 Bxe3 14. Nxe3 c6 15. Qa4 Be6 16. Rfd1 a5 17. Rb6 Qc5 18. Rbb1 Qxc3 19. Rdc1 Qd4 20. Qc2 a4 21. Nc4 b5 22. Nd2 Rc8 23. e3 Qa7 24. a3 Re7 25. Ne4 Bd5 26. Rxb5 cxb5 27. Qxc8 Qb6 28. Qc5 Qxc5 29. Rxc5 1-0

[Event "GRE-chT 45th"]
[Site "Achaia"]
[Date "2017.07.04"]
[Round "2.16"]
[White "Hararis, Georgios"]
[Black "Hadzimanolis, Antonios"]
[Result "0-1"]
[WhiteElo "1901"]
[BlackElo "2231"]
[PlyCount "70"]
[EventDate "2017.07.03"]
[EventType "team-swiss"]
[EventRounds "7"]
[EventCountry "GRE"]
[SourceTitle "CBM 179 Extra"]
[Source "ChessBase"]
[SourceDate "2017.08.23"]
[SourceVersion "1"]
[SourceVersionDate "2017.08.23"]
[SourceQuality "1"]
[WhiteTeam "Filiatron CN"]
[BlackTeam "Triandrias PG"]
[WhiteTeamCountry "GRE"]
[BlackTeamCountry "GRE"]

1. e4 e5 2. Nf3 Nc6 3. Nc3 Nf6 4. d4 exd4 5. Nxd4 Bb4 6. Nxc6 bxc6 7. Bd3 d5 8. exd5 cxd5 9. 0-0 0-0 10. Bg5 c6 11. Na4 h6 12. Bh4 Re8 13. c4 g5 14. Bg3 Ne4 15. a3 Bf8 16. Rc1 d4 17. c5 Bf5 18. Re1 Qd5 19. b4 Bg7 20. Nb2 Qa2 21. Nc4 Nc3 22. Rxc3 dxc3 23. Rxe8+ Rxe8 24. Bxf5 Qxc4 25. h3 Qd5 26. Bd3 Be5 27. Qe2 Kf8 28. Qc2 Bxg3 29. fxg3 Re3 30. Ba6 Rxg3 31. Bf1 Qd4+ 32. Kh1 Re3 33. Qf5 Re1 34. Qc8+ Kg7 35. Qf5 Qf6 0-1

[Event "GRE-chT 44th"]
[Site "Achaia"]
[Date "2016.07.07"]
[Round "4.14"]
[White "Hararis, Georgios"]
[Black "Kyriakides, Thrasos"]
[Result "1-0"]
[WhiteElo "1789"]
[BlackElo "2101"]
[PlyCount "39"]
[EventDate "2016.07.05"]
[EventType "team-swiss"]
[EventRounds "7"]
[EventCountry "GRE"]
[SourceTitle "CBM 173 Extra"]
[Source "ChessBase"]
[SourceDate "2016.08.29"]
[SourceVersion "1"]
[SourceVersionDate "2016.08.29"]
[SourceQuality "1"]
[WhiteTeam "Filiatron CN"]
[BlackTeam "Alexandroupolis Ethnikos"]
[WhiteTeamCountry "GRE"]
[BlackTeamCountry "GRE"]

1. e4 e5 2. Nf3 Nf6 3. Nxe5 d6 4. Nf3 Nxe4 5. Nc3 Nxc3 6. dxc3 Be7 7. Bf4 Nc6 8. Qd2 Be6 9. 0-0-0 0-0 10. Kb1 Qd7 11. h3 Rfb8 12. g4 b5 13. Bg2 b4 14. c4 Bf6 15. b3 a5 16. Ng5 Bxg5 17. Bxg5 a4 18. Qe2 Ra5 19. Bc1 f6 20. Bxc6 1-0

[Event "GRE-chT 44th"]
[Site "Achaia"]
[Date "2016.07.06"]
[Round "3.17"]
[White "Anestis, Ioannis"]
[Black "Hararis, Georgios"]
[Result "0-1"]
[WhiteElo "1649"]
[BlackElo "1789"]
[PlyCount "112"]
[EventDate "2016.07.05"]
[EventType "team-swiss"]
[EventRounds "7"]
[EventCountry "GRE"]
[SourceTitle "CBM 173 Extra"]
[Source "ChessBase"]
[SourceDate "2016.08.29"]
[SourceVersion "1"]
[SourceVersionDate "2016.08.29"]
[SourceQuality "1"]
[WhiteTeam "Evia HS"]
[BlackTeam "Filiatron CN"]
[WhiteTeamCountry "GRE"]
[BlackTeamCountry "GRE"]

1. d4 d5 2. Nf3 Nf6 3. Bf4 c6 4. e3 Bf5 5. Bd3 Bxd3 6. Qxd3 e6 7. Nbd2 Be7 8. h3 Nbd7 9. 0-0 0-0 10. Rab1 c5 11. c4 Rc8 12. dxc5 Nxc5 13. Qe2 dxc4 14. Nxc4 Qd3 15. Qxd3 Nxd3 16. Bd6 Bxd6 17. Nxd6 Rc2 18. Ne1 Nxe1 19. Rfxe1 Rb8 20. a4 Kf8 21. Rec1 Rd2 22. Nc4 Rdd8 23. Kf1 g6 24. Ke1 Nd5 25. Na5 Rd7 26. b4 Nb6 27. Ra1 Nd5 28. Rc4 b5 29. axb5 Rxb5 30. Rb1 h5 31. g3 f5 32. Rd1 Rf7 33. Rb1 g5 34. Rc8+ Kg7 35. Nc6 Ne7 36. Nd4 Nxc8 37. Nxb5 Rb7 38. Nd4 Kf6 39. Rc1 Ne7 40. b5 e5 41. Nc6 Rc7 42. Ra1 Nxc6 43. bxc6 Ke6 44. Ra5 Kd6 45. f4 gxf4 46. gxf4 exf4 47. exf4 Kxc6 48. Rxf5 Rh7 49. Ke2 Kd6 50. Re5 Re7 51. Rxe7 Kxe7 52. Kd3 Kf6 53. Ke4 a5 54. h4 a4 55. Kd3 Kf5 56. Kc4 Kxf4 0-1

[Event "GRE-chT 44th"]
[Site "Achaia"]
[Date "2016.07.05"]
[Round "1.17"]
[White "Hararis, Georgios"]
[Black "Loutragotis, Dimitrios"]
[Result "0-1"]
[WhiteElo "1789"]
[BlackElo "2013"]
[PlyCount "120"]
[EventDate "2016.07.05"]
[EventType "team-swiss"]
[EventRounds "7"]
[EventCountry "GRE"]
[SourceTitle "CBM 173 Extra"]
[Source "ChessBase"]
[SourceDate "2016.08.29"]
[SourceVersion "1"]
[SourceVersionDate "2016.08.29"]
[SourceQuality "1"]
[WhiteTeam "Filiatron CN"]
[BlackTeam "Glyfadas Zenon"]
[WhiteTeamCountry "GRE"]
[BlackTeamCountry "GRE"]

1. e4 c5 2. Nf3 Nc6 3. d4 cxd4 4. Nxd4 g6 5. Nc3 Bg7 6. Be3 Nf6 7. Nxc6 bxc6 8. e5 Ng8 9. f4 Nh6 10. Qf3 0-0 11. Bc4 d5 12. exd6 exd6 13. h3 d5 14. 0-0-0 Qa5 15. Bb3 Bxc3 16. bxc3 Qxc3 17. g4 Ba6 18. Qf2 Rfe8 19. Bd4 Qb4 20. Rhe1 f5 21. g5 Nf7 22. h4 Nd6 23. h5 Rxe1 24. Qxe1 Qxe1 25. Rxe1 Re8 26. Rxe8+ Nxe8 27. hxg6 hxg6 28. Bxa7 Nc7 29. Kd2 Kf7 30. Bb8 Ne6 31. c3 Ke8 32. Bd1 Kd7 33. Be5 Kc8 34. Ke3 Kb7 35. Bc2 Bc4 36. a3 Kb6 37. Bxf5 gxf5 38. g6 d4+ 39. Bxd4+ Kb5 40. g7 Nc7 41. Be5 Nd5+ 42. Kf3 Ne7 43. Ke3 Bg8 44. Bd6 Nc8 45. Bf8 Kc4 46. Kd2 Nb6 47. Bd6 Kd5 48. Be7 Ke4 49. Bg5 Nc4+ 50. Kc2 Nxa3+ 51. Kb2 Nb5 52. Kc2 Nc7 53. Kb2 Ne6 54. Bh6 Nxf4 55. Ka3 Ne6 56. Kb4 f4 57. Bxf4 Kxf4 58. Ka5 Nxg7 59. Kb6 Bd5 60. c4 Ke4 0-1